A. WESLEY POWELL LEARNING RESOURCE CENTRE (WPLRC)

Wonderful Place to Learn, Research & Collaborate

A new school geography (Record no. 1437)

MARC details
000 -LEADER
fixed length control field 00552nam a22002057a 4500
001 - ACCESSION NUMBER
control field 19184
003 - CONTROL NUMBER IDENTIFIER
control field OSt
005 - DATE AND TIME OF LATEST TRANSACTION
control field 20141105094722.0
008 - FIXED-LENGTH DATA ELEMENTS--GENERAL INFORMATION
fixed length control field 141105b xxu||||| |||| 00| 0 eng d
020 ## - INTERNATIONAL STANDARD BOOK NUMBER
International Standard Book Number 0340232846
040 ## - CATALOGING SOURCE
Original cataloging agency ddc
Transcribing agency ddc
082 ## - DEWEY DECIMAL CLASSIFICATION NUMBER
Classification number 914.1
100 ## - MAIN ENTRY--PERSONAL NAME
Relator code Dobson,F.R
245 ## - TITLE STATEMENT
Title A new school geography
Remainder of title a physical and human geography of the British Isles
Statement of responsibility, etc. Dobson,F.R and Virgo,H.E
260 ## - PUBLICATION, DISTRIBUTION, ETC. (IMPRINT)
Place of publication, distribution, etc. London
Name of publisher, distributor, etc. Hodder and Stoughton
Date of publication, distribution, etc. 1965
300 ## - PHYSICAL DESCRIPTION
Extent 151p.
Other physical details ill.
Dimensions 20cm
504 ## - BIBLIOGRAPHY, ETC. NOTE
Bibliography, etc Index
600 ## - SUBJECT ADDED ENTRY--PERSONAL NAME
Title of a work Human Geography
942 ## - ADDED ENTRY ELEMENTS (KOHA)
Source of classification or shelving scheme Dewey Decimal Classification
Koha item type Books
Holdings
Withdrawn status Lost status Source of classification or shelving scheme Damaged status Not for loan Home library Current library Date acquired Total Checkouts Full call number Date last seen Price effective from Koha item type
    Dewey Decimal Classification     Wesley Powell Learning Resource Centre Wesley Powell Learning Resource Centre 11/05/2014   RBC/914.1 DOB 11/05/2014 11/05/2014 Books